UBT Library

EMERGENCY CARE IN THE STREETS (Record no. 59889)

000 -LEADER
fixed length control field 00346nam a22001457a 4500
008 - FIXED-LENGTH DATA ELEMENTS--GENERAL INFORMATION
fixed length control field 230531b ||||| |||| 00| 0 eng d
020 ## - INTERNATIONAL STANDARD BOOK NUMBER
International Standard Book Number 9781449609245
041 ## - LANGUAGE CODE
Language code of text/sound track or separate title eng
080 ## - UNIVERSAL DECIMAL CLASSIFICATION NUMBER
Edition identifier SEVENTH EDITION
Universal Decimal Classification number 610.73
082 ## - DEWEY DECIMAL CLASSIFICATION NUMBER
Classification number 610.73CAR
100 ## - Rafti
Rafti 9
101 ## - Shkurtesa
Shkurtesa INF
245 ## - TITLE STATEMENT
Title EMERGENCY CARE IN THE STREETS
Statement of responsibility, etc CAROLINE'S N
942 ## - ADDED ENTRY ELEMENTS (KOHA)
Source of classification or shelving scheme
Item type Books
Holdings
Withdrawn status Lost status Source of classification or shelving scheme Damaged status Not for loan Collection code Permanent location Current location Date acquired Total Checkouts Full call number Barcode Date last seen Price effective from Koha item type
          Koleksioni i përgjithshem UBT - Lipjan UBT - Lipjan 05/31/2023   610.73CAR 002-800080455 05/31/2023 05/31/2023 Books
          Koleksioni i përgjithshem UBT - Lipjan UBT - Lipjan 05/31/2023   610.73CAR 002-800080456 05/31/2023 05/31/2023 Books
          Koleksioni i përgjithshem UBT - Lipjan UBT - Lipjan 05/31/2023   610.73CAR 002-800080457 05/31/2023 05/31/2023 Books
          Koleksioni i përgjithshem UBT - Lipjan UBT - Lipjan 05/31/2023   610.73CAR 002-800080458 05/31/2023 05/31/2023 Books
          Koleksioni i përgjithshem UBT - Lipjan UBT - Lipjan 05/31/2023   610.73CAR 002-800080459 05/31/2023 05/31/2023 Books
          Koleksioni i përgjithshem UBT - Lipjan UBT - Lipjan 05/31/2023   610.73CAR 002-800080460 05/31/2023 05/31/2023 Books
          Koleksioni i përgjithshem UBT - Lipjan UBT - Lipjan 05/31/2023   610.73CAR 002-800080461 05/31/2023 05/31/2023 Books
          Koleksioni i përgjithshem UBT - Lipjan UBT - Lipjan 05/31/2023   610.73CAR 002-800080462 05/31/2023 05/31/2023 Books
          Koleksioni i përgjithshem UBT - Lipjan UBT - Lipjan 05/31/2023   610.73CAR 002-800080463 05/31/2023 05/31/2023 Books
UBT Library © 2015-2024. All rights reserved University Education for Business and Technology